[Event "Oberliga Ost-A 2122"]
[Site "Germany"]
[Date "2022.07.10"]
[Round "7.6"]
[White "Erbs, Susan"]
[Black "Sukaylo, Aleksey"]
[Result "0-1"]
[WhiteElo "2014"]
[BlackElo "2107"]
[PlyCount "80"]
[EventDate "2021.10.10"]
[EventType "team-tourn"]
[EventRounds "11"]
[EventCountry "GER"]
[SourceTitle "EXT 2023"]
[Source "ChessBase"]
[SourceDate "2022.10.05"]
[SourceVersion "1"]
[SourceVersionDate "2022.10.05"]
[SourceQuality "1"]
[WhiteTeam "Magdeburg Aufbau Elbe II"]
[BlackTeam "Halle USV"]
[WhiteTeamCountry "GER"]
[BlackTeamCountry "GER"]

1. e4 e5 2. Nf3 Nc6 3. Bc4 Bc5 4. c3 Nf6 5. d4 exd4 6. cxd4 Bb4+ 7. Bd2 Bxd2+ 8. Nbxd2 d5 9. exd5 Nxd5 10. Qb3 Na5 11. Qa4+ Nc6 12. Qb3 Nce7 13. 0-0 0-0 14. Rfe1 c6 15. Ne4 Qb6 16. Qa3 a5 17. Nd6 Qb4 18. Qxb4 axb4 19. Ne5 Rb8 20. Rad1 Be6 21. Ne4 Rbd8 22. Nc5 Bc8 23. Bd3 Rfe8 24. f3 Nf4 25. Be4 Ned5 26. g3 Nh3+ 27. Kg2 Ng5 28. Bxd5 Rxd5 29. Nxc6 Rxe1 30. Rxe1 Kf8 31. Ne5 Rxd4 32. Re2 f6 33. Ng4 Nxf3 34. Nf2 Ne5 35. Nb3 Rc4 36. Rd2 Ke7 37. Na5 Rc7 38. Re2 Be6 39. a3 bxa3 40. bxa3 b6 0-1

[Event "BL2 Sued 1213 (Women)"]
[Site "Germany"]
[Date "2012.10.06"]
[Round "1.4"]
[White "Erbs, Susan"]
[Black "Mueller, Liliane"]
[Result "1-0"]
[WhiteElo "2033"]
[BlackElo "1677"]
[PlyCount "93"]
[EventDate "2012.10.06"]
[EventType "team-tourn"]
[EventRounds "7"]
[EventCountry "GER"]
[SourceTitle "EXT 2018"]
[Source "ChessBase"]
[SourceDate "2017.10.13"]
[SourceVersion "1"]
[SourceVersionDate "2017.10.13"]
[SourceQuality "1"]
[WhiteTeam "Stuttgart Wolfbusch (W)"]
[BlackTeam "Neuperlach (W)"]
[WhiteTeamCountry "GER"]
[BlackTeamCountry "GER"]

1. e4 e6 2. d3 d5 3. Nd2 Nf6 4. f4 c5 5. Ngf3 Nc6 6. c3 Be7 7. Be2 b5 8. Ne5 Bb7 9. 0-0 a6 10. Nxc6 Bxc6 11. e5 Nd7 12. d4 b4 13. f5 Qb6 14. fxe6 fxe6 15. Nf3 Bb5 16. Kh1 Bxe2 17. Qxe2 0-0 18. Qd3 bxc3 19. bxc3 c4 20. Qc2 Qd8 21. Qa4 Qc8 22. Ba3 Bxa3 23. Qxa3 Rb8 24. Ng5 Rxf1+ 25. Rxf1 Nf8 26. Qd6 Qd8 27. Nf7 Qxd6 28. exd6 Rb2 29. Ne5 Rb7 30. Nc6 Ng6 31. Ne5 Nxe5 32. dxe5 a5 33. a4 h6 34. h4 Rb8 35. Kh2 Rb7 36. Kg3 Rb2 37. Rf3 Rb7 38. Kg4 Rb2 39. Kf4 Rb7 40. Ke3 Rf7 41. Rg3 Kf8 42. Rg6 Rd7 43. Rxe6 Kf7 44. Re7+ Rxe7 45. dxe7 Kxe7 46. Kd4 Ke6 47. h5 1-0

[Event "BL2 Sued 1011 (Women)"]
[Site "Germany"]
[Date "2011.01.09"]
[Round "5.5"]
[White "Erbs, Susan"]
[Black "Bader, Katharina"]
[Result "1-0"]
[WhiteElo "2017"]
[BlackElo "2127"]
[PlyCount "77"]
[EventDate "2010.11.06"]
[EventType "team-tourn"]
[EventRounds "7"]
[EventCountry "GER"]
[SourceTitle "EXT 2012"]
[Source "ChessBase"]
[SourceDate "2011.11.24"]
[SourceVersion "1"]
[SourceVersionDate "2011.11.24"]
[SourceQuality "1"]
[WhiteTeam "Stuttgart Wolfbusch (W)"]
[BlackTeam "Deizisau (W)"]
[WhiteTeamCountry "GER"]
[BlackTeamCountry "GER"]

1. e4 c5 2. d3 Nc6 3. g3 e6 4. Bg2 d5 5. Nd2 Nf6 6. Ngf3 dxe4 7. dxe4 e5 8. h3 h6 9. c3 Be6 10. Qe2 Qc7 11. 0-0 g5 12. a3 g4 13. Nh4 gxh3 14. Bf3 0-0-0 15. b4 Ne7 16. b5 h5 17. Nc4 Bh6 18. Bxh6 Rxh6 19. Rfd1 Ng4 20. Rxd8+ Kxd8 21. Rd1+ Kc8 22. b6 axb6 23. Nd6+ Kb8 24. Nb5 Qc8 25. Qd2 Rh8 26. Qd6+ Ka8 27. Nc7+ Ka7 28. Nb5+ Ka8 29. Nc7+ Ka7 30. Qxe7 Bc4 31. Rd2 h2+ 32. Kg2 h1Q+ 33. Kxh1 Nxf2+ 34. Rxf2 Qh3+ 35. Kg1 Qxg3+ 36. Bg2 Qxc3 37. Qf6 Rg8 38. Nd5 Qe1+ 39. Kh2 1-0

[Event "BL 0910 (Women)"]
[Site "Germany"]
[Date "2010.03.28"]
[Round "11.4"]
[White "Erbs, Susan"]
[Black "Chlost, Marlena"]
[Result "0-1"]
[WhiteElo "2015"]
[BlackElo "2171"]
[PlyCount "106"]
[EventDate "2009.11.07"]
[EventType "team-tourn"]
[EventRounds "11"]
[EventCountry "GER"]
[SourceTitle "CBM 133 Extra"]
[Source "ChessBase"]
[SourceDate "2010.01.05"]
[SourceVersion "1"]
[SourceVersionDate "2010.01.05"]
[SourceQuality "1"]
[WhiteTeam "Wolfbusch (W)"]
[BlackTeam "Torgelow (W)"]
[WhiteTeamCountry "GER"]
[BlackTeamCountry "GER"]

1. e4 c5 2. d3 Nc6 3. g3 g6 4. Bg2 Bg7 5. f4 d6 6. Nf3 Nf6 7. 0-0 0-0 8. c3 Rb8 9. a4 a6 10. h3 b5 11. axb5 axb5 12. Be3 b4 13. g4 Nd7 14. d4 bxc3 15. bxc3 cxd4 16. cxd4 Nb4 17. e5 Nb6 18. Nc3 Nc4 19. Bf2 Ba6 20. Rxa6 Nxa6 21. Qa4 Nb4 22. Rb1 Qa5 23. Qxa5 Nxa5 24. Ne4 Nd3 25. Rxb8 Rxb8 26. Bg3 Rb1+ 27. Kh2 Nc4 28. Nfd2 Nxd2 29. Nxd2 Rb4 30. Nf3 Nc1 31. f5 dxe5 32. dxe5 Ne2 33. Bf2 Rb2 34. Be3 Rb5 35. Bf1 Rb3 36. Bxe2 Rxe3 37. Bd1 Bxe5+ 38. Kg2 Bd6 39. Kf2 Ra3 40. Be2 Bf4 41. Bc4 Kg7 42. fxg6 hxg6 43. Bd5 Ra5 44. Bc4 Rc5 45. Bd3 Rc3 46. Be4 e5 47. g5 Rb3 48. h4 Rb2+ 49. Kf1 Bg3 50. Kg1 Re2 51. Bc6 e4 52. Nd4 Rb2 53. h5 Bf2+ 0-1

[Event "GER-chT U20"]
[Site "Arendsee"]
[Date "2008.12.27"]
[Round "1.2"]
[White "Erbs, Susan"]
[Black "Billing, Christian"]
[Result "1-0"]
[WhiteElo "1951"]
[BlackElo "2214"]
[PlyCount "81"]
[EventDate "2008.12.27"]
[EventType "team-swiss"]
[EventRounds "7"]
[EventCountry "GER"]
[SourceTitle "CBM 128 Extra"]
[Source "ChessBase"]
[SourceDate "2009.03.05"]
[SourceVersion "2"]
[SourceVersionDate "2009.03.25"]
[SourceQuality "1"]
[WhiteTeam "Magdeburg Aufbau Elbe"]
[BlackTeam "Dillingen"]
[WhiteTeamCountry "GER"]
[BlackTeamCountry "GER"]

1. e4 e6 2. d4 d5 3. Nc3 Nf6 4. e5 Nfd7 5. Qg4 c5 6. dxc5 Nc6 7. Nf3 Nxc5 8. Nb5 Ne4 9. Bd3 Qa5+ 10. c3 Bd7 11. a4 a6 12. Nbd4 Nxd4 13. Nxd4 Qc7 14. 0-0 h5 15. Qf3 Nc5 16. Bc2 Bc6 17. Re1 Nd7 18. Bf4 Be7 19. Qg3 g5 20. Bxg5 Rg8 21. h4 0-0-0 22. Qe3 Bxg5 23. hxg5 Nf8 24. b4 Be8 25. Bd3 Kb8 26. Rec1 Ng6 27. f4 Qb6 28. b5 Ka8 29. bxa6 bxa6 30. a5 Qa7 31. Rab1 Bb5 32. Bxb5 axb5 33. Rxb5 Rb8 34. Rcb1 Rxb5 35. Rxb5 Rc8 36. Kh2 Rc4 37. Qd2 Qc7 38. Rb6 Ne7 39. Qb2 Nc8 40. Ra6+ Na7 41. Nb5 1-0

[Event "Oberliga Ost-A 0708"]
[Site "Germany"]
[Date "2007.10.07"]
[Round "1.7"]
[White "Just, Wolfgang"]
[Black "Erbs, Susan"]
[Result "1/2-1/2"]
[WhiteElo "2189"]
[BlackElo "2048"]
[PlyCount "69"]
[EventDate "2007.09.23"]
[EventType "team-tourn"]
[EventRounds "11"]
[EventCountry "GER"]
[SourceTitle "EXT 2009"]
[Source "ChessBase"]
[SourceDate "2008.11.26"]
[SourceVersion "1"]
[SourceVersionDate "2008.11.26"]
[SourceQuality "1"]
[WhiteTeam "Leipzig Lok II"]
[BlackTeam "Magdeburg Aufbau Elbe"]
[WhiteTeamCountry "GER"]
[BlackTeamCountry "GER"]

1. e4 d6 2. d4 Nf6 3. Nc3 g6 4. f4 Bg7 5. Nf3 c5 6. d5 0-0 7. Be2 e6 8. dxe6 Bxe6 9. 0-0 Nc6 10. f5 gxf5 11. exf5 Bxf5 12. Bg5 h6 13. Bf4 d5 14. Ne5 Nd4 15. Bd3 Bxd3 16. Qxd3 Ne6 17. Rae1 Nxf4 18. Rxf4 Re8 19. Qf5 Qc8 20. Ref1 Qxf5 21. Rxf5 Re7 22. Nd3 d4 23. Nb5 c4 24. Ne5 a6 25. Nd6 b5 26. Nexf7 Rxf7 27. Nxf7 Kxf7 28. Rd5 c3 29. b3 Re8 30. Rxd4 Re2 31. Rf2 Re1+ 32. Rf1 Re2 33. Rf2 Re1+ 34. Rf1 Re2 35. Rf2 1/2-1/2

[Event "Sachsen-Anhalt-ch 17th"]
[Site "Magdeburg"]
[Date "2007.05.18"]
[Round "4"]
[White "Erbs, Susan"]
[Black "Pichler, Manfred"]
[Result "1-0"]
[WhiteElo "1985"]
[BlackElo "2137"]
[PlyCount "61"]
[EventDate "2007.05.17"]
[EventType "tourn"]
[EventRounds "7"]
[EventCountry "GER"]
[SourceTitle "EXT 2008"]
[Source "ChessBase"]
[SourceDate "2007.11.25"]
[SourceVersion "1"]
[SourceVersionDate "2007.11.25"]
[SourceQuality "1"]

1. e4 e5 2. Nf3 Nc6 3. Bc4 Nf6 4. d4 exd4 5. e5 d5 6. Bb5 Ne4 7. Nxd4 Bc5 8. Be3 Bd7 9. Bxc6 bxc6 10. 0-0 Qe7 11. f3 Nd6 12. Bf2 Nc4 13. b3 Nb6 14. c3 a5 15. Qd3 0-0 16. Re1 Qg5 17. Nd2 Rae8 18. h4 Qh6 19. Re2 f6 20. Rae1 fxe5 21. Rxe5 Rxe5 22. Rxe5 Bd6 23. Re2 c5 24. Nb5 Bf5 25. Qe3 Bf4 26. Qxc5 Bd3 27. Re7 Bxb5 28. Qxb5 Bxd2 29. Bd4 Rc8 30. Qe2 Qxh4 31. Re8+ 1-0

[Event "Oberliga Ost-A 0607"]
[Site "Germany"]
[Date "2006.11.19"]
[Round "3.8"]
[White "Csulits, Anton"]
[Black "Erbs, Susan"]
[Result "1-0"]
[WhiteElo "2222"]
[BlackElo "2013"]
[PlyCount "95"]
[EventDate "2006.10.15"]
[EventType "team-tourn"]
[EventRounds "11"]
[EventCountry "GER"]
[SourceTitle "EXT 2008"]
[Source "ChessBase"]
[SourceDate "2007.11.25"]
[SourceVersion "1"]
[SourceVersionDate "2007.11.25"]
[SourceQuality "1"]
[WhiteTeam "Halle USV"]
[BlackTeam "Magdeburg Aufbau Elbe"]
[WhiteTeamCountry "GER"]
[BlackTeamCountry "GER"]

1. d4 d6 2. Nf3 g6 3. g3 Bg7 4. Bg2 c5 5. dxc5 Qa5+ 6. c3 Qxc5 7. 0-0 Nf6 8. Be3 Qc7 9. Na3 a6 10. Qa4+ Bd7 11. Qh4 h6 12. Qc4 Nc6 13. Nd4 Rc8 14. Rad1 Nxd4 15. Qxd4 0-0 16. Qd2 Ng4 17. Bd4 Be6 18. Bxg7 Kxg7 19. c4 Ne5 20. b3 Kh7 21. Qd4 Qa5 22. Qb2 Rc7 23. Nc2 Rfc8 24. Ne3 b5 25. c5 Qb4 26. cxd6 exd6 27. Rd4 Qc5 28. Rfd1 Rd7 29. Qd2 Rcd8 30. Nd5 Bxd5 31. Rxd5 Qc7 32. Bh3 f5 33. f4 Nf7 34. e4 fxe4 35. Bxd7 Qxd7 36. Qd4 Re8 37. Qe3 Qc6 38. f5 g5 39. g4 Qc2 40. Rc1 Qxa2 41. Rd4 Qb2 42. Rc7 Kg8 43. Rd2 Qb1+ 44. Kg2 Ne5 45. Rxd6 Nxg4 46. Rg6+ Kh8 47. Rxh6+ Kg8 48. Qxg5+ 1-0

[Event "Bad Koenigshofen op (Women)"]
[Site "Bad Koenigshofen"]
[Date "2006.08.12"]
[Round "9.4"]
[White "Erbs, Susan"]
[Black "Krege, Sandra"]
[Result "1/2-1/2"]
[WhiteElo "2013"]
[BlackElo "2092"]
[PlyCount "107"]
[EventDate "2006.08.04"]
[EventType "swiss"]
[EventRounds "9"]
[EventCountry "GER"]
[SourceTitle "CBM 113 Extra"]
[Source "ChessBase"]
[SourceDate "2006.09.14"]
[SourceVersion "1"]
[SourceVersionDate "2006.09.14"]
[SourceQuality "1"]

1. d4 Nf6 2. c4 e6 3. Nc3 c5 4. dxc5 Bxc5 5. Bg5 Bxf2+ 6. Kxf2 Ng4+ 7. Ke1 Qxg5 8. Nh3 Qe5 9. e4 Nf6 10. Nf2 Nc6 11. Be2 0-0 12. Qd2 b6 13. Rc1 Bb7 14. Nd3 Qd4 15. Nf2 Qxd2+ 16. Kxd2 Ne5 17. Rhd1 d5 18. Ke3 dxe4 19. Ncxe4 Nxe4 20. Nxe4 f5 21. Ng5 Rfe8 22. Kf2 h6 23. Nf3 Ng4+ 24. Kg1 Red8 25. Re1 Rac8 26. b3 Nf6 27. Bd1 Ne4 28. Bc2 Kf7 29. Ne5+ Kf6 30. Ng4+ Kf7 31. Bxe4 Bxe4 32. Nf2 Bb7 33. Re2 Rd4 34. Rce1 Rc6 35. Nd1 Rcd6 36. Nc3 Bc6 37. Kf2 Rd3 38. Nb1 Be4 39. Na3 Bc6 40. c5 R6d4 41. Nc4 Rxc4 42. bxc4 Be4 43. cxb6 axb6 44. Rb2 Rc3 45. Rxb6 Rxc4 46. Ra6 Bd5 47. Ra7+ Kf6 48. a4 Rc2+ 49. Re2 Rc3 50. a5 Ra3 51. Rb2 g6 52. g3 g5 53. Ke1 f4 54. gxf4 1/2-1/2

[Event "Bad Koenigshofen op (Women)"]
[Site "Bad Koenigshofen"]
[Date "2006.08.11"]
[Round "8.5"]
[White "Erbs, Susan"]
[Black "Kierzek, Mira"]
[Result "1/2-1/2"]
[WhiteElo "2013"]
[BlackElo "2088"]
[PlyCount "129"]
[EventDate "2006.08.04"]
[EventType "swiss"]
[EventRounds "9"]
[EventCountry "GER"]
[SourceTitle "CBM 113 Extra"]
[Source "ChessBase"]
[SourceDate "2006.09.14"]
[SourceVersion "1"]
[SourceVersionDate "2006.09.14"]
[SourceQuality "1"]

1. e4 c5 2. d3 Nc6 3. g3 g6 4. Bg2 Bg7 5. f4 d6 6. Nf3 e6 7. 0-0 Nge7 8. c3 0-0 9. Be3 Rb8 10. a4 b6 11. Bf2 d5 12. e5 Ba6 13. Re1 Qc7 14. Na3 Nc8 15. g4 N6e7 16. Bg3 Qc6 17. c4 Rd8 18. Qc2 Bb7 19. Rad1 a6 20. Bf2 Na7 21. Rc1 Rbc8 22. Red1 Qc7 23. Qb3 Nac6 24. Be3 d4 25. Bf2 Rf8 26. Bg3 h6 27. Re1 Kh7 28. Nb1 Nb4 29. Nbd2 Bc6 30. Ne4 Rcd8 31. Qd1 Qd7 32. Ra1 Bxe4 33. Rxe4 Nec6 34. Re1 Rde8 35. Qd2 Na5 36. Qd1 Nac6 37. b3 Rb8 38. f5 gxf5 39. gxf5 exf5 40. Bh3 Rbe8 41. Nh4 Ne7 42. Nxf5 Nxf5 43. Qf3 Nh4 44. Bxh4 Qc6 45. Qxc6 Nxc6 46. Bd7 Nxe5 47. Bxe8 Rxe8 48. Kg2 Re6 49. Rad1 Rg6+ 50. Bg3 Ng4 51. Rd2 Ne3+ 52. Kh1 Bf6 53. Bf4 Bg5 54. Bxe3 dxe3 55. Rde2 f5 56. Rf1 f4 57. h4 Bxh4 58. Rxf4 Bf2 59. d4 cxd4 60. Rxd4 h5 61. Kh2 Kg7 62. Rd7+ Kh6 63. Rd4 Kg7 64. Rd7+ Kh6 65. Rd4 1/2-1/2

[Event "Bad Koenigshofen op (Women)"]
[Site "Bad Koenigshofen"]
[Date "2006.08.04"]
[Round "1.3"]
[White "Blazkova, Petra"]
[Black "Erbs, Susan"]
[Result "1/2-1/2"]
[WhiteElo "2173"]
[BlackElo "2013"]
[PlyCount "60"]
[EventDate "2006.08.04"]
[EventType "swiss"]
[EventRounds "9"]
[EventCountry "GER"]
[SourceTitle "CBM 113 Extra"]
[Source "ChessBase"]
[SourceDate "2006.09.14"]
[SourceVersion "1"]
[SourceVersionDate "2006.09.14"]
[SourceQuality "1"]

1. e4 d6 2. d4 Nf6 3. Nc3 g6 4. Be3 c6 5. Qd2 b5 6. Bd3 Nbd7 7. Nf3 Nb6 8. e5 Nfd5 9. Nxd5 Nxd5 10. Be4 Bg7 11. Bh6 0-0 12. h4 f6 13. h5 g5 14. Bxg5 fxg5 15. h6 Bf6 16. exf6 exf6 17. 0-0-0 Be6 18. Rde1 Re8 19. Bxd5 Bxd5 20. Rxe8+ Qxe8 21. Re1 Qh5 22. Qb4 Bxf3 23. gxf3 Re8 24. b3 Rxe1+ 25. Qxe1 Kf7 26. Qe4 Qxh6 27. Qxc6 g4+ 28. Kb2 gxf3 29. Qxf3 Qh2 30. Qf5 h5 1/2-1/2

[Event "GER-ch U18 Girls"]
[Site "Willingen"]
[Date "2006.06.07"]
[Round "7"]
[White "Erbs, Susan"]
[Black "Hoolt, Sarah"]
[Result "1-0"]
[WhiteElo "2062"]
[BlackElo "2145"]
[PlyCount "63"]
[EventDate "2006.06.03"]
[EventType "swiss"]
[EventRounds "9"]
[EventCountry "GER"]
[SourceTitle "EXT 2007"]
[Source "ChessBase"]
[SourceDate "2006.11.23"]
[SourceVersion "1"]
[SourceVersionDate "2006.11.23"]
[SourceQuality "1"]

1. d4 Nf6 2. c4 g6 3. Nc3 d5 4. cxd5 Nxd5 5. e4 Nxc3 6. bxc3 Bg7 7. Bc4 c5 8. Ne2 Nc6 9. Be3 0-0 10. 0-0 Bg4 11. f3 Na5 12. Bd3 cxd4 13. cxd4 Be6 14. d5 Bxa1 15. Qxa1 f6 16. Qd4 Bd7 17. e5 Bf5 18. Bxf5 gxf5 19. e6 Qd6 20. Ng3 Qe5 21. f4 Qxd4 22. Bxd4 Nc4 23. Nxf5 Rfe8 24. Rf3 h5 25. Rg3+ Kh7 26. Rg7+ Kh8 27. Rf7 Nd6 28. Bxf6+ exf6 29. Nxd6 Red8 30. e7 Kg8 31. exd8Q+ Rxd8 32. Rxf6 1-0

[Event "GER-ch U18 Girls"]
[Site "Willingen"]
[Date "2006.06.04"]
[Round "3"]
[White "Wirths, Clara"]
[Black "Erbs, Susan"]
[Result "1-0"]
[WhiteElo "1935"]
[BlackElo "2062"]
[PlyCount "41"]
[EventDate "2006.06.03"]
[EventType "swiss"]
[EventRounds "9"]
[EventCountry "GER"]
[SourceTitle "EXT 2007"]
[Source "ChessBase"]
[SourceDate "2006.11.23"]
[SourceVersion "1"]
[SourceVersionDate "2006.11.23"]
[SourceQuality "1"]

1. e4 d6 2. d4 g6 3. Nc3 Bg7 4. Be3 c6 5. Nf3 Nd7 6. Qd2 Ngf6 7. Bd3 e5 8. h3 0-0 9. 0-0 Re8 10. Bh6 Bh8 11. Rfe1 Nf8 12. Rad1 Qc7 13. Bc4 Be6 14. Qe2 Bxc4 15. Qxc4 Rad8 16. d5 N8d7 17. Nb5 Qb8 18. dxc6 Nb6 19. Qb4 bxc6 20. Nxd6 Re7 21. Nf5 1-0

[Event "GER-chT Federal Cup (Women)"]
[Site "Braunfels"]
[Date "2006.05.04"]
[Round "1"]
[White "Sander, Lucia"]
[Black "Erbs, Susan"]
[Result "0-1"]
[WhiteElo "1934"]
[BlackElo "2062"]
[PlyCount "134"]
[EventDate "2006.05.04"]
[EventType "team-swiss"]
[EventRounds "5"]
[EventCountry "GER"]
[SourceTitle "EXT 2010"]
[Source "ChessBase"]
[SourceDate "2010.11.25"]
[SourceVersion "1"]
[SourceVersionDate "2010.11.25"]
[SourceQuality "1"]

1. d4 d6 2. Nf3 g6 3. c4 Bg7 4. Nc3 Nc6 5. Bf4 Bg4 6. e3 e5 7. dxe5 dxe5 8. Qxd8+ Rxd8 9. Bg5 f6 10. Bh4 Nge7 11. Be2 Nf5 12. Bg3 Nxg3 13. hxg3 Ne7 14. Nd2 Bxe2 15. Kxe2 Kf7 16. Nde4 Nc8 17. c5 c6 18. g4 h6 19. Rad1 Ke7 20. b4 Rxd1 21. Nxd1 Ke6 22. Nb2 Rd8 23. Nc4 Bf8 24. Na5 Rd7 25. Rd1 Rxd1 26. Kxd1 b6 27. Nb3 Be7 28. Kc2 Kd5 29. Kd3 f5 30. gxf5 gxf5 31. Nc3+ Ke6 32. e4 f4 33. f3 Bd8 34. b5 Ne7 35. a4 Kd7 36. Kc4 Ng6 37. Ne2 Nh4 38. g3 fxg3 39. Nxg3 Nxf3 40. Nf5 h5 41. Kd3 Ng5 42. cxb6 Bxb6 43. Nd2 Ne6 44. Kc4 cxb5+ 45. axb5 Ng5 46. Kd5 Bc7 47. Nh4 Ne6 48. Nb3 Nf4+ 49. Kc4 Bd8 50. Nc5+ Kc7 51. Nf3 Bf6 52. Na6+ Kd6 53. Nb4 h4 54. Nc6 a6 55. Na5 axb5+ 56. Kxb5 h3 57. Nc4+ Ke6 58. Ne3 Ne2 59. Kc4 Ng1 60. Nh2 Bg5 61. Neg4 Bf4 62. Kd3 Kf7 63. Kc2 Kg6 64. Kd1 Kg5 65. Ke1 Nf3+ 66. Nxf3+ Kxg4 67. Kf2 Bg3+ 0-1

[Event "GER-ch U18 Girls"]
[Site "Willingen"]
[Date "2005.05.19"]
[Round "8"]
[White "Erbs, Susan"]
[Black "Wirths, Clara"]
[Result "1-0"]
[WhiteElo "2026"]
[BlackElo "1841"]
[PlyCount "131"]
[EventDate "2005.05.14"]
[EventType "swiss"]
[EventRounds "9"]
[EventCountry "GER"]
[SourceTitle "CBM 106 Extra"]
[Source "ChessBase"]
[SourceDate "2005.07.01"]
[SourceVersion "1"]
[SourceVersionDate "2005.07.01"]
[SourceQuality "1"]

1. e4 c5 2. d3 Nc6 3. g3 g6 4. Bg2 Bg7 5. f4 e6 6. Nf3 Nge7 7. 0-0 0-0 8. c3 d6 9. Be3 f5 10. Nbd2 Rb8 11. a4 b6 12. Re1 h6 13. Bf2 e5 14. fxe5 Nxe5 15. Nxe5 dxe5 16. Qb3+ Kh7 17. Bxc5 Ba6 18. Bxe7 Qxe7 19. d4 fxe4 20. Bxe4 Qf6 21. Nf3 exd4 22. cxd4 Bb7 23. Bxb7 Rxb7 24. Rf1 Rbf7 25. Ng5+ Qxg5 26. Rxf7 Rxf7 27. Qxf7 Qe3+ 28. Qf2 Qd3 29. Kg2 Qe4+ 30. Kh3 Qe6+ 31. g4 Qb3+ 32. Kg2 Qd5+ 33. Qf3 Qxd4 34. Re1 Qxb2+ 35. Re2 Qb4 36. Qe4 Qc3 37. h4 Qf6 38. h5 Bf8 39. hxg6+ Qxg6 40. Qxg6+ Kxg6 41. Re8 Bc5 42. Ra8 a5 43. Rg8+ Kf7 44. Rd8 Kg6 45. Rd5 Kf6 46. Kf3 Be7 47. Ke4 Ke6 48. Rf5 Kd6 49. Rb5 Kc6 50. Ke5 Bg5 51. Ke6 Be3 52. Rb3 Bf4 53. Rc3+ Kb7 54. Rc4 Be3 55. Kd7 b5 56. Rc7+ Kb6 57. Rc6+ Kb7 58. axb5 a4 59. Ra6 Bd2 60. Rxa4 Kb6 61. Rd4 Be3 62. Rd5 Bc5 63. Ke6 Be3 64. Kf6 Bf4 65. Kg6 Be3 66. Rh5 1-0

[Event "GER-ch U18 Girls"]
[Site "Willingen"]
[Date "2005.05.15"]
[Round "3"]
[White "Schulze, Dorothee"]
[Black "Erbs, Susan"]
[Result "1-0"]
[WhiteElo "1955"]
[BlackElo "2026"]
[PlyCount "59"]
[EventDate "2005.05.14"]
[EventType "swiss"]
[EventRounds "9"]
[EventCountry "GER"]
[SourceTitle "CBM 106 Extra"]
[Source "ChessBase"]
[SourceDate "2005.07.01"]
[SourceVersion "1"]
[SourceVersionDate "2005.07.01"]
[SourceQuality "1"]

1. e4 d6 2. d4 Nf6 3. Nc3 g6 4. f4 Bg7 5. Nf3 c5 6. Bb5+ Bd7 7. e5 Ng4 8. Bxd7+ Qxd7 9. d5 dxe5 10. h3 e4 11. Nxe4 Nf6 12. Nxf6+ Bxf6 13. 0-0 0-0 14. Be3 Na6 15. Ne5 Qc7 16. Ng4 Bxb2 17. Rb1 Bg7 18. f5 f6 19. Qe2 Rad8 20. c4 Qd7 21. Rb3 b6 22. h4 Nc7 23. fxg6 hxg6 24. h5 g5 25. h6 Bh8 26. Qc2 Qe8 27. Bxg5 Qh5 28. Bf4 f5 29. Rh3 Qg6 30. Bxc7 1-0

[Event "Halle-chT (Women)"]
[Site "Halle"]
[Date "2005.04.17"]
[Round "5.5"]
[White "Erbs, Susan"]
[Black "Schenk, Stefanie"]
[Result "0-1"]
[WhiteElo "2026"]
[BlackElo "2122"]
[PlyCount "122"]
[EventDate "2005.04.14"]
[EventType "team"]
[EventRounds "5"]
[EventCountry "GER"]
[SourceTitle "CBM 105 Extra"]
[Source "ChessBase"]
[SourceDate "2005.05.01"]
[SourceVersion "1"]
[SourceVersionDate "2005.05.01"]
[SourceQuality "1"]

1. e4 c6 2. d4 d5 3. exd5 cxd5 4. Bd3 Nc6 5. c3 Nf6 6. Bf4 Bg4 7. f3 Bh5 8. Ne2 e6 9. 0-0 Be7 10. Qb3 Qd7 11. a4 a6 12. Na3 Rc8 13. Bg3 Bg6 14. Nf4 Bxd3 15. Nxd3 Na5 16. Qc2 Qd8 17. Qe2 0-0 18. Nc2 Nc4 19. Ne3 b5 20. axb5 axb5 21. Ra7 Nh5 22. Nf4 Nxg3 23. hxg3 Bd6 24. Rfa1 Qg5 25. Ng4 Bxf4 26. gxf4 Qxf4 27. b3 Nd6 28. Qd3 Qf5 29. Qd2 h6 30. Ne5 Qg5 31. Qd3 Nf5 32. Rb7 Ra8 33. Rba7 Rxa7 34. Rxa7 Qc1+ 35. Kh2 Qf4+ 36. Kg1 Qg3 37. Qxb5 Qe1+ 38. Qf1 Qxc3 39. Qd1 Nxd4 40. Ng4 Nxb3 41. Kh1 Qc1 42. Qxc1 Nxc1 43. Ne5 Ne2 44. g4 Nf4 45. Kh2 f6 46. Nc6 e5 47. Ne7+ Kh7 48. Nf5 Rg8 49. Ne7 Rb8 50. Nf5 Ne6 51. Ra6 Nd4 52. Nxd4 exd4 53. Ra3 Kg6 54. Kg3 Rc8 55. Ra5 Rd8 56. Ra4 d3 57. Rd4 f5 58. Rxd3 fxg4 59. fxg4 d4 60. Kf4 Kf6 61. g5+ hxg5+ 0-1